Subdivisiones mas grandes del mundo - (Versión difícil) - Estadísticas

Estadísticas generales
  • Esta prueba ha sido intentada 11 veces
  • La puntuación promedio es 7 de 10
Estadísticas de respuestas
Hint Respuesta % Correcto
Estados Unidos Estado de Alaska
100%
Brasil Estado de Amazonas
100%
Australia Estado de Australia Occidental
100%
Dinamarca Territorio de Groenlandia
100%
Canadá Província de Quebec
70%
Rusia República de Sajá
70%
Australia Estado de Queensland
60%
Canadá Territorio de Nunavut
60%
Rusia Krai de Krasnoyarsk
30%
China Región Autónoma de Sinkiang
30%
No se encontraron pruebas coincidentes
Distribución de puntuación
Porcentaje de gente con cada puntuación
Porcentaje por número respondido
Historial de tus puntuaciones
No has intentado esta prueba.